Normal view
MARC view
Entry Personal Name
001 - CONTROL NUMBER
- control field: 9524
003 - CONTROL NUMBER IDENTIFIER
- control field: OSt
005 - DATE AND TIME OF LATEST TRANSACTION
- control field: 20160622152306.0
008 - FIXED-LENGTH DATA ELEMENTS
- fixed length control field: 160622|| aca||aabn | a|a d
040 ## - CATALOGING SOURCE
- Original cataloging agency: OSt
- Transcribing agency: OSt
100 ## - HEADING--PERSONAL NAME
- Personal name: Carter, Pamela J.
670 ## - SOURCE DATA FOUND
- Source citation: Work cat.: (OSt): Carter, Pamela J., Lippincott's Textbook for Nursing Assistants: a humanistic approach to caregiving
